| Tag |
First Indicator |
Second Indicator |
Subfields |
| LEADER |
00000cam a2200000ua 4500 |
| 001 |
in00001402871 |
| 005 |
20151020053051.0 |
| 008 |
970717s1996 sw a b 000 0 eng d |
| 020 |
|
|
|a 9171472681
|
| 035 |
|
|
|a (OCoLC)37873988
|
| 035 |
|
|
|9 AHM6906AM
|
| 040 |
|
|
|a CUY
|c CUY
|d TXA
|d UtOrBLW
|
| 043 |
|
|
|a e-sw---
|
| 049 |
|
|
|a TXAM
|
| 050 |
|
4 |
|a HT169.S8
|b N97 1996
|
| 100 |
1 |
|
|a Nyström, Louise.
|
| 245 |
1 |
0 |
|a Living in Sweden :
|b between tradition and vision /
|c Louise Nyström.
|
| 264 |
|
1 |
|a Karlskrona, Sweden :
|b National Board of Housing, Building and Planning,
|c 1996.
|
| 300 |
|
|
|a 103 pages :
|b illustrations ;
|c 21 x 24 cm.
|
| 336 |
|
|
|a text
|b txt
|2 rdacontent
|
| 337 |
|
|
|a unmediated
|b n
|2 rdamedia
|
| 338 |
|
|
|a volume
|b nc
|2 rdacarrier
|
| 504 |
|
|
|a Includes bibliographical references (pages 101-103).
|
| 650 |
|
0 |
|a City planning
|z Sweden.
|
| 650 |
|
0 |
|a Housing policy
|z Sweden.
|
| 999 |
|
|
|a MARS
|
| 999 |
f |
f |
|s bf24ac47-3e8a-3370-bcc7-d805443253ed
|i bfbdd545-939d-338b-a464-3daa8cd78057
|t 0
|
| 952 |
f |
f |
|p ric
|a Texas A&M University
|b Rellis Campus
|c Joint Library Facility
|d Remote Storage
|t 0
|e HT169.S8 N97 1996
|h Library of Congress classification
|i unmediated -- volume
|m A14850232696
|
| 998 |
f |
f |
|a HT169.S8 N97 1996
|t 0
|l Remote Storage
|